¿ Sin salida?: cómo combatir la pobreza y la desigualdad persistentes en América Latina /
Shranjeno v:
| Glavni avtor: | |
|---|---|
| Drugi avtorji: | |
| Format: | Texto |
| Teme: | |
| Oznake: |
Označite
Brez oznak, prvi označite!
|
MARC
| LEADER | 00000 a a2200000 04500 | ||
|---|---|---|---|
| 001 | 8090 | ||
| 003 | |||
| 040 | |||
| 100 | |a Saavedra, Jaime | ||
| 245 | |a ¿ Sin salida?: |b cómo combatir la pobreza y la desigualdad persistentes en América Latina / |c Jaime Saavedra ; Omar S. Arias | ||
| 650 | |a POBREZA | ||
| 650 | |a ALIVIO DE LA POBREZA | ||
| 650 | |a POLITICA SOCIAL | ||
| 650 | |a AMERICA LATINA | ||
| 650 | |a POBREZA | ||
| 700 | |a Arias, Omar S. | ||
| 773 | |g volumen 42, número 4; páginas 18-22 | ||
| 999 | |c 31728 |d 31728 | ||
